000
00330 a2200157 4500
001
176089
020
_a
040
_c
Magnum
100
_a
Campelo, Sonia
240
1
0
_a
Lingua portuguesa/v.4
_l
por
245
1
0
_a
Lingua portuguesa/v.4
362
0
_a
1899
440
1
_a
Ática
697
_a
MAGNITO: PARADIDATICO
942
_c
BK
999
_c
176089
_d
176089